| 000 | 01141nam0a2200277 4500 | ||
|---|---|---|---|
| 001 | RU\NLR\ONL2\15015 | ||
| 005 | 20260406163939.0 | ||
| 035 | _a(NLR Aleph) 009662600 | ||
| 090 |
_a9620934 _c9620934 |
||
| 100 | _a20091005d1950 |||y0rusy50 ca | ||
| 101 | 0 | _atuk | |
| 102 | _aRU | ||
| 105 | _ac ||||||||| | ||
| 200 | 1 |
_aТбилиси-Сталин сайлав округынын сайлавчыларынын йыгнагында сөзлэн сөзи _e1950-нжи й., 9-нжы март _fЛ. П. Берия |
|
| 210 |
_aАшгабат _cТуркмендөвлетнешир _d1950 |
||
| 215 |
_a30,[1] сах. _cпортр. _d19 |
||
| 541 | 1 |
_aРечь на собрании избирателей Тбилисского-Сталинского избирательного округа. _zrus |
|
| 686 | 1 | _aХ620.526.4 | |
| 700 | 1 |
_4070 _8rus _7ca _aБерия _bЛ. П. _f1899-1953 _gЛаврентий Павлович _3RU\NLR\auth\7710402 _9120179 |
|
| 801 | 0 |
_aRU _bNLR _c20091005 _gPSBO |
|
| 852 |
_aNLR _bОНЛ _jТурк./2-681 |
||
| 942 | _cBOOK | ||
| 980 | _aNB | ||
| 980 | _aONL_RF | ||